Normal view
MARC view
- الأدب العربي -- تاريخ ونقد -- العصر العباسي الثاني، 846-954
Entry Topical Term
001 - CONTROL NUMBER
- control field: 59051
003 - CONTROL NUMBER IDENTIFIER
- control field: JO-AjAnu
005 - DATE AND TIME OF LATEST TRANSACTION
- control field: 20230606083647.0
008 - FIXED-LENGTH DATA ELEMENTS
- fixed length control field: 230606|| aca||aabn | a|a d
040 ## - CATALOGING SOURCE
- Original cataloging agency: JO-AjAnu
- Transcribing agency: JO-AjAnu
150 ## - HEADING--TOPICAL TERM
- Topical term or geographic name entry element: الأدب العربي -- تاريخ ونقد -- العصر العباسي الثاني، 846-954
670 ## - SOURCE DATA FOUND
- Source citation: Work cat.: (JO-AjAnu)30121: تأليف: الراغب الاصفهاني، ابي القاسم الحسين بن محمد بن المفضل؛ حققه وضبط نصوصه وعلق حواشيه: عمر الطباع, author 59050, محاضرات الادباء ومحاورات الشعراء والبلغاء، ج1